| 000 | 00335 a2200133 4500 | ||
|---|---|---|---|
| 001 | 86558 | ||
| 082 | _a398.2 LOK | ||
| 090 |
_c40735 _d40735 |
||
| 100 | _aRiaz Udin Ahmed | ||
| 245 | _aSindh Sagar : Culture and Heritage SL-84 (Only DVD) | ||
| 250 | _aV-III | ||
| 260 |
_aIslamabad _bLok Virsa Islamabad _c2012 |
||
| 500 | _aLok Virsa | ||
| 942 |
_aCAENUST _k398.2 LOK |
||
| 999 |
_c321631 _d321631 |
||